Регионална библиотека "Любен Каравелов" - Русе

Ян Бибиян (Запис номер 346865)

MARC детайли
000 -Лидер
Контролно поле с фиксирана дължина 00900nam a2200241 a 4500
003 - Код на организацията, давaща контролен номер
Контролно поле BLK
005 - Дата и час на последна редакция
Контролно поле 20250606121500.0
008 - Елементи от данни с фиксирана дължина
fixed length control field 191204b bu a|||br|||| 00| 0 bu d
020 ## - Международен стандартен номер на книга ISBN
Международен стандартен номер на книга ISBN 9786191931347
040 ## - Източник на каталожния запис
Идентификатор на билиотеката - собственик на записа BLK
041 ## - Код за език
Код за езика на текст/звукозапис или на отделно заглавие Български
Код за езика КДБФ Български
080 ## - УДК
Текстов определител УДК Българска литература
УДК код - определител по УДК 821.163.2
УДК определител -93-34
УДК - код + определител 821.163.2-93-34
100 ## - Редна дума - Автор
Автор Елин Пелин
Пълна форма на името Стоянов, Димитър Иванов
R(LIN) 363511
139 ## - Редно поле
Редна дума Елин Пелин
Авторски знак Елин Пелин - Е 53
245 ## - Сведения за заглавието
Заглавие Ян Бибиян
Подзаглавни данни Невероятните приключения на едно хлапе
260 ## - Област на издателските данни
9 (RLIN) 217678
Място на издаване, разпространение и проч. София
Име на издателя, разпространителя и проч. Артлайн Студиос
Година на издаване 2018
Информация за издателството Студио Арт Лайн
300 ## - Физическа характеристика
Страници 120 с.
Илюстрации и др. с ил.
Размери/Мащаб 30 см
380 ## - Жанр
Жанр Худож. лит.
700 ## - Други автори (авторска отговорност)
9 (RLIN) 599
Лично име Нанева, Дияна
Автороска отговорност (Описва отношението между автора и произведението) ил.
852 ## - Местоположение
Форматна сигнатура Цб ІІ
999 ## - СИСТЕМНИ КОНТРОЛНИ НОМЕРА
Koha biblionumber 346865
Koha biblioitemnumber 346865
942 ## - АРТИКУЛИ
Вид на библиотечния материал Книги
Скрит в OPAC Не
Периодичен библиозапис Да
Koha issues (borrowed), all copies 34
944 ## - СЪЗДАВАНЕ И РЕДАКЦИЯ на ЗАПИСА
Създаване/Редакция Създаване
Дата на регистрацията/редакция 2019-12-04
Служител, извършил регистрацията/редакцията 30537
Статус, дата на статуса Грета Цуфелде
Наличности
Код за отписване Код за изгубен артикул Източник на класификационната схема Код за повреда Коз за рестрикции Код за отдаване Артикулен № Име на библиотеката - собственик Име на библиотеката, в която се намира в момента Статус (Текущо местоположение) Дата на вписване в системата Местоположение - отдел Цена в лева Систематично азбучна сигнатура Баркод Цена в евро Служебен тип на артикула
  Не е изгубен Universal Decimal Classification Не е повреден без рестрикции заемане за дома 752344 Регионална библиотека "Любен Каравелов" Русе Регионална библиотека "Любен Каравелов" Русе Детски отдел 2019-12-12 Детски отдел 19.59 ДХ 886.7/Е 53 120000840274 10.02 Книги
  Не е изгубен Universal Decimal Classification Не е повреден само за читалня ползва се в читалня 752345 Регионална библиотека "Любен Каравелов" Русе Регионална библиотека "Любен Каравелов" Русе Хранилище 2019-12-12 Основен фонд - ползва се само за читалня 19.59 Цб ІІ 24285 120000840273 10.02 Книги
  Не е изгубен Universal Decimal Classification Не е повреден без рестрикции заемане за дома 752346 Регионална библиотека "Любен Каравелов" Русе Регионална библиотека "Любен Каравелов" Русе Детски отдел 2019-12-12 Детски отдел 19.59 ДХ 886.7/Е 53 120000840275 10.02 Книги
Vip Innovations Ltd, Rousse, Bulgaria 2025